WIN! wellness : (Record no. 17983)

MARC details
000 -LEADER
fixed length control field 02074nam a2200373Ia 4500
001 - CONTROL NUMBER
control field 464303636
003 - CONTROL NUMBER IDENTIFIER
control field AUA.1
005 - DATE AND TIME OF LATEST TRANSACTION
control field 20200224101343.0
008 - FIXED-LENGTH DATA ELEMENTS--GENERAL INFORMATION
fixed length control field 091109s2008 miua 000 0 eng d
020 ## - INTERNATIONAL STANDARD BOOK NUMBER
International Standard Book Number 9780981512341
020 ## - INTERNATIONAL STANDARD BOOK NUMBER
International Standard Book Number 9780981512358 (application guide)
020 ## - INTERNATIONAL STANDARD BOOK NUMBER
International Standard Book Number 0981512348
035 ## - SYSTEM CONTROL NUMBER
System control number (OCoLC)464303636
040 ## - CATALOGING SOURCE
Original cataloging agency LLU
Transcribing agency LLU
Modifying agency EXN
-- JTL
050 ## - LIBRARY OF CONGRESS CALL NUMBER
Classification number BX6122.6.H46
Item number Y68 2008
100 1# - MAIN ENTRY--PERSONAL NAME
Personal name Youngberg, John,
Dates associated with a name 1932-
245 10 - TITLE STATEMENT
Title WIN! wellness :
Remainder of title integrated balanced living ; presenters manual /
Statement of responsibility, etc John B. Youngberg, Millie Youngberg, Wesley Youngberg.
246 1# - VARYING FORM OF TITLE
Title proper/short title Integrated balanced living.
250 ## - EDITION STATEMENT
Edition statement 2nd ed.
260 ## - PUBLICATION, DISTRIBUTION, ETC. (IMPRINT)
Place of publication, distribution, etc Berrien Springs, Mich. :
Name of publisher, distributor, etc WIN! Wellness,
Date of publication, distribution, etc c2008.
300 ## - PHYSICAL DESCRIPTION
Extent 498 p. :
Other physical details col. ill. ;
Dimensions 28 cm. +
Accompanying material 1 application guide + 1 DVD/CD.
500 ## - GENERAL NOTE
General note Seminar based upon 21 factors for cultivating a healthy lifestyle. Accompanied with a DVD/CD that has visuals, but no sound. These are marked Standard DVD and Professional CD, but seem to have the same information available within the item. Copy 3 is marked Professional DVD, but again seems to have the same information available within the item.
500 ## - GENERAL NOTE
General note www.winwellness.org.
500 ## - GENERAL NOTE
General note 029023 contains a second copy of the application guide and a 3rd copy of the DVD/CD; also what appears to be the first professional edition (2007) of the DVD, 2 copies of the Homes of Hope 3-disc DVD set (Getting Started/Pressing Forward/Finishing Strong), the Spanish language version of the DVD/CD, and the Spanish language version of the Homes of Hope 3-disc DVD set (El Comienzo/Avanzando/Terminando con Energia)
650 #0 - SUBJECT ADDED ENTRY--TOPICAL TERM
Topical term or geographic name as entry element Health
General subdivision Religious aspects
-- Seventh-day Adventists.
650 #0 - SUBJECT ADDED ENTRY--TOPICAL TERM
Topical term or geographic name as entry element Mental health
General subdivision Religious aspects
-- Seventh-day Adventists.
700 1# - ADDED ENTRY--PERSONAL NAME
Personal name Youngberg, Millie.
700 1# - ADDED ENTRY--PERSONAL NAME
Personal name Youngberg, Wesley.
730 2# - ADDED ENTRY--UNIFORM TITLE
Uniform title Homes of hope & health
730 02 - ADDED ENTRY--UNIFORM TITLE
Uniform title Hogares de esperanza y salud.
730 02 - ADDED ENTRY--UNIFORM TITLE
Uniform title Si! Salud integral.
730 02 - ADDED ENTRY--UNIFORM TITLE
Uniform title Vida integral y abundante.
942 ## - ADDED ENTRY ELEMENTS (KOHA)
Source of classification or shelving scheme Library of Congress Classification
Koha item type Delbert W. Baker Special Leadership Collection
Classification part BX 6122.6 .H46
Item part Y68 2008
Holdings
Withdrawn status Lost status Source of classification or shelving scheme Damaged status Not for loan Collection code Home library Current library Shelving location Date acquired Source of acquisition Cost, normal purchase price Serial Enumeration / chronology Full call number Barcode Date last seen Cost, replacement price Price effective from Koha item type Public note
    Library of Congress Classification     DWB Special Leadership Collection Judith Thomas Library Judith Thomas Library Delbert W. Baker Special Leadership Collection 01/03/2017 Donation, Dr. Delbert Baker 25.00 AUA21181 BX 6122.6 .H46 Y68 2008 AUA21181 01/03/2017 25.00 01/03/2017 Delbert W. Baker Special Leadership Collection  
    Library of Congress Classification     DWB Special Leadership Collection Judith Thomas Library Judith Thomas Library Delbert W. Baker Special Leadership Collection 01/03/2017 Donation, Dr. Delbert Baker 10.00 AUA21183 BX 6122.6 .H46 Y688 2008 AUA21183 01/03/2017 10.00 01/03/2017 Delbert W. Baker Special Leadership Collection Application guide